000
00278nam a2200085Ia 4500
245
0
_a
The adventure of Themba and Bizza : the enchanted country
100
_a
DELANNOIE, J. [Southdale, South Africa], 2008
_9
86339
942
_c
BK
008
210825s9999 xx 000 0 und d
999
_c
568921
_d
568920